| 000 | 00440nam a2200169 a 4500 | ||
|---|---|---|---|
| 001 | 281 | ||
| 003 | CDMR | ||
| 005 | 20131218101716.0 | ||
| 008 | 130130s1966||||||||||||||||||||||||||||d | ||
| 024 |
_2DL _a24001966 |
||
| 040 |
_aCDMR _bcat _cCDMR |
||
| 100 | 1 |
_aValera, Juan _9203 |
|
| 245 | 1 | 0 |
_aArtÃculos de "El Contemporáneo" _cJuan Valera |
| 260 |
_aMadrid _c1966 _bCastalia |
||
| 600 | 1 |
_9203 _aValera, Juan _xRecull d'escrits |
|
| 942 |
_cMON _2udc |
||
| 999 |
_c281 _d281 |
||